| 000 | 00450nam a2200193Ia 4500 | ||
|---|---|---|---|
| 003 | 0100 | ||
| 008 | 130303s9999 xx 000 0 und d | ||
| 040 | _cARRUPELIB | ||
| 050 | _aBD175.H6 1968 | ||
| 100 | _aHolzner, Burkart | ||
| 245 | _aReality construction in society | ||
| 260 | _aCambridge | ||
| 260 | _bSchenkman Publishing Company | ||
| 260 | _C1968 | ||
| 300 | _a162 p. | ||
| 300 | _b 24 cm | ||
| 650 | _aEPISTEMOLOGY | ||
| 942 | 0 | 0 | _02 |
| 999 |
_c36539 _d36539 |
||